000 01161nam a22001937a 4500
003 JO-AjAnu
005 20240605115617.0
008 240402b jo ||||| |||| 00| 0 ara d
040 _aJO-AjAnu
_bara
_cJO-AjAnu
041 0 _aara
100 1 _aبني مفرج، رويدا محمد عبد القادر.
_eمعد
_965235
245 1 0 _aأثر سيولة الاسهم على توزيعات الارباح في الشركات المدرجة بورصة عمان في القطاع الخدمي = The Effect of Stock Liquidity on Dividend Distributions in the Companies Listed on the Amman Stock Exchcnge in the Service Sector /
_cاعداد رويدا محمد عبدالقادر بني مفرج ؛ اشراف احمد ابراهيم كراجة
260 _c2023
300 _a59 ورقة
500 _aرسالة جامعية ( رسالة ماجستير في المحاسبة) - جامعة عجلون الوطنية ( عجلون، الاردن)، كلية الاعمال،2023.
650 7 0 _aاسهم مالية - الارباح - سوق عمان المالي.
_965237
700 1 _aكراجة، احمد ابراهيم.
_eمشرف
_965236
942 _2lcc
_cTHS
_n0
999 _c33393
_d33393